000 00681cam a22001934a 4500
005 20250605164127.0
008 250528s ||||||||||||||||||||||||d
035 _a18510
020 _a70379823
040 _aGR-AtMCL
_bgre
_dGR-AtMCL
_eAACR2
245 1 _aSchaum's Outline of Theory and Problems of Probability
260 _bSchaum'S Outline Series,
_c1965
300 _a154
520 _aSet Theory, Techniques of Counting, Introduction to Probability, Conditional Probability and Independence, Random Variables, Binomial and Normal and Poison Distributions, Markov Chains, Index.
700 1 _aLipschutz Seymour
_94743
942 _cBK
999 _c3868
_d3868